000 00626nam a22001937a 4500
003 0
005 20250502121722.0
008 250430b xxu||||| |||| 00| 0 eng d
020 _a9786214271849
050 _aHD 61
_b.B212 2024
100 _aBanaag, Francis B.
245 _aEssentials of risk management
_cFrancis B. Banaag
260 _aIntramuros, manila
_bUnlimited Books Library Services & Publishing Inc.
_c2024
300 _aviii, 225 pages;
_c23cm.
504 _aIncludes bibliographical references.
650 _aRisk management -- Decision making.
650 _aBusiness—Risk management..
942 _2lcc
_cBK
999 _c367442
_d367442